000 01159nam a2200313 i 4500
003 DO-SdBNP
005 20260304101417.0
007 ta
008 091116s2017 dr ac 000 j spa d
020 _a9789945905069
040 _aDO-SdBNP
_bspa
_cBNPHU
_erda
041 _hspa
082 4 _aRD863.44
_bP379n 2017
_222
100 1 _aPeix, Pedro
_d1952-2015
_eautor
_4aut.
_925675
245 1 3 _aLa noche de los buzones blancos 1980 /
_cPedro Peix ; edición y corrección, León Félix Batista ; coordinador, José Rafael Lantigua
264 4 _aSanto Domingo :
_bMercado Media Network,
_c©2017.
300 _a176 páginas :
_bilustraciones, retratos. ;
_c23 cm.
336 _atexto
_btxt
_2rdacontent
337 _asinmediación
_bn
_2rdamedia
338 _avolumen
_bnc
_2rdacarrier
500 _aIncluye datos biográficos del autor en las solapas
590 _aInventariado, 2026/BT
650 4 _aCuentos dominicanos
_9176
650 4 _aLiteratura dominicana.
_967
700 1 _aFélix Batista, José,
_eeditor y corrector
_4ed. y corr.
_989121
700 1 _aLantigua, José Rafael,
_ecoordinador
_4coord.
_985376
910 _aBtavárez
942 _2ddc
_cLBS1
999 _c60415
_d60415